Hydrocarbon Pollution and its Effect on the Environment (Record no. 48360)
[ view plain ]
| 000 -LEADER | |
|---|---|
| fixed length control field | 01615nam a2200253Ia 4500 |
| 000 - LEADER | |
| fixed length control field | 02016naaa 00325uu |
| 001 - CONTROL NUMBER | |
| control field | https://directory.doabooks.org/handle/20.500.12854/67135 |
| 005 - DATE AND TIME OF LATEST TRANSACTION | |
| control field | 20260218105741.0 |
| 008 - FIXED-LENGTH DATA ELEMENTS--GENERAL INFORMATION | |
| fixed length control field | 211013s9999 xx 000 0 und d |
| 020 ## - INTERNATIONAL STANDARD BOOK NUMBER | |
| International Standard Book Number | 9781789844214 |
| 024 ## - OTHER STANDARD IDENTIFIER | |
| Standard number or code | 10.5772/intechopen.81556 |
| 042 ## - AUTHENTICATION CODE | |
| Authentication code | dc |
| 100 1# - MAIN ENTRY--PERSONAL NAME | |
| Personal name | Ince, Muharrem |
| 245 #0 - TITLE STATEMENT | |
| Title | Hydrocarbon Pollution and its Effect on the Environment |
| 260 ## - PUBLICATION, DISTRIBUTION, ETC. | |
| Name of publisher, distributor, etc. | IntechOpen |
| Date of publication, distribution, etc. | 2019 |
| 300 ## - PHYSICAL DESCRIPTION | |
| Extent | 1 electronic resource (98 p.) |
| 520 ## - SUMMARY, ETC. | |
| Summary, etc. | This book covers hydrocarbon pollution, measurement techniques for hydrocarbons, risk assessment, and environmental impact. This comprehensive book takes a broad view of the subject and integrates a wide variety of approaches. This book attempts to address the needs of graduate and postgraduate students and other professionals or readers interested in food, soil, water, and air pollution. The aim of this book is to explain and clarify important studies, and compare and develop the new and groundbreaking measurement techniques. Written by leading experts in their respective areas, the book is highly recommended to professionals interested in environmental and human health because it provides specific and comprehensive examples. |
| 540 ## - TERMS GOVERNING USE AND REPRODUCTION NOTE | |
| Terms governing use and reproduction | Creative Commons |
| 653 ## - INDEX TERM--UNCONTROLLED | |
| Uncontrolled term | Pollution & threats to the environment |
| 700 1# - ADDED ENTRY--PERSONAL NAME | |
| Personal name | Kaplan Ince, Olcay |
| 856 ## - ELECTRONIC LOCATION AND ACCESS | |
| Uniform Resource Identifier | <a href="https://docs.google.com/spreadsheets/d/1yKIrdCPDAG_9c22mwoOIO2DOhtj65Wqa/edit?usp=sharing&ouid=106555315294820607512&rtpof=true&sd=true ">https://docs.google.com/spreadsheets/d/1yKIrdCPDAG_9c22mwoOIO2DOhtj65Wqa/edit?usp=sharing&ouid=106555315294820607512&rtpof=true&sd=true </a> |
| Link text | List of Curated E-Books |
| 942 ## - ADDED ENTRY ELEMENTS (KOHA) | |
| Koha item type | E-Book |
| Withdrawn status | Source of classification or shelving scheme | Damaged status | Not for loan | Home library | Current library | Date acquired | Total Checkouts | Date last seen | Price effective from | Koha item type |
|---|---|---|---|---|---|---|---|---|---|---|
| Library of Congress Classification | Not For Loan | Directory of Open Access Books | Directory of Open Access Books | 12/22/2021 | 12/22/2021 | 12/22/2021 | E-Book |